Taylor Swift - Paroles The Tortured Poets Department - Statistiques

Statistiques générales
  • Ce quiz a été pris 87 fois
    79 depuis la dernière actualisation
  • Le résultat moyen est 336 sur 395
Statistiques - réponses
Hint Réponse % Correct
a
100%
department
100%
poets
100%
the
100%
to
100%
tortured
100%
Couplet 1 | Couplet 2 | Outro You
100%
you?
100%
you
100%
you?)
100%
you,
100%
your
100%
apartment
98%
at
98%
At
98%
from
98%
I
98%
left
98%
my
98%
me?
95%
me
95%
Me
95%
put
95%
Straight
95%
typewriter
95%
We
95%
we
95%
"Who
95%
Who
95%
who
95%
be
93%
Like,
93%
Like
93%
No
93%
No,
93%
not
93%
anyway?"
91%
artist
91%
bigger
91%
Charlie
91%
Puth
91%
should
91%
then
91%
where
91%
you're
91%
"You're
91%
and
88%
Refrain And
88%
But
88%
declared
88%
Dylan
88%
Hotel,
88%
If
88%
if
88%
I'm
88%
of
88%
Smith
88%
Thomas,
88%
we're
88%
who's
88%
(Who's
88%
Refrain Who's
88%
gonna
86%
Gonna
86%
idiots"
86%
idiots
86%
know
86%
never
86%
on
86%
say
86%
so
86%
So
86%
some
86%
this
86%
This
86%
Chelsea
84%
chocolate
84%
golden
84%
hold
84%
retriever
84%
things
84%
uses
84%
7
81%
else
81%
is
81%
I've
81%
mode
81%
Patti
81%
with
81%
ate
79%
decodes
79%
fucking
79%
in
79%
love
79%
said,
79%
said
79%
typewriters
79%
ain't
77%
bars
77%
it
77%
modern
77%
seen
77%
show
77%
smoked,
77%
still
77%
tattooed
77%
body
74%
head,
74%
head
74%
Post-refrain Nobody
74%
nobody
74%
that
74%
asleep
72%
come
72%
fall
72%
finger
72%
heart
72%
one
72%
ring
72%
scratch
72%
think
72%
told
72%
ever
70%
people
70%
sabotage
70%
self
70%
take
70%
closest
67%
crazy
67%
face
67%
leave
67%
Lucy
67%
middle
65%
rings
65%
screw
65%
tell
65%
up
65%
wonder
65%
exploding
63%
kill
63%
off
63%
Bridge Sometimes,
63%
that's
63%
yourself
63%
episode
60%
it's
60%
meant
60%
wedding
60%
you'd
60%
2
58%
Because
58%
chose
58%
cyclone
58%
down
58%
laughed
58%
road
58%
why
58%
Everyone
56%
Throwing
56%
understands
56%
dinner,
53%
felt
53%
Jack
53%
spikes
53%
undone
51%
had
49%
about
47%
awaken
40%
dread
37%
nails
37%
read
37%
Pounding
33%
Aucun quiz correspondant
Distribution des résultats
% des personnes avec chaque résultat
Percentile par nombre de réponses
Votre historique - résultats
Vous n’avez pas pris ce quiz depuis la dernière actualisation